Taylor Swift Songs as Emojis - Statistics

General Stats
  • This quiz has been taken 348 times
  • The average score is 6 of 10
Answer Stats
Hint Answer % Correct
๐Ÿ‘Ž๐Ÿฉธ Bad Blood
97%
โค๏ธ๐Ÿ“– Love Story
86%
๐Ÿ‘จ The Man
76%
๐Ÿ˜ข๐ŸŽธ Teardrops On My Guitar
72%
๐Ÿ–ผ๐Ÿ”ฅ Picture to Burn
67%
๐Ÿšซ๐Ÿฆธโ€โ™€๏ธ Anti-Hero
60%
๐Ÿƒโ€โ™€๏ธ๐ŸŒฒ๐ŸŒฒ Out of the Woods
53%
๐ŸŽฌ๐ŸŽฎ End Game
38%
๐Ÿค๐Ÿ”‡ Shake It Off
26%
๐Ÿ™Žโ€โ™€๏ธ๐Ÿ™Žโ€โ™‚๏ธ๐Ÿšซ๐Ÿ‘ฉโ€โค๏ธโ€๐Ÿ‘จ We Are Never Ever Getting Back Together
24%
No matching quizzes found
Score Distribution
Percent of People with Each Score
Percentile by Number Answered
Your Score History
You have not taken this quiz